000 00640nam a2200217 4500
003 OSt
005 20240726072955.0
006 a
008 240726b |||||||| |||| 00| 0 eng d
020 _a9780071220910
040 _aDWCL-Main lib.
_cOCc
082 _2Tenth edition
_aCirc. 658.81 J73c 2011
100 _aJohnston, Mark W.
245 _aChurchill /Ford /
250 _aTenth edition
260 _aN.Y. :
_bMcGraw-Hill/Irwin,
_cc2011.
300 _axvi,
_b48o p. : ill. ;
_c26 cm.
504 _aIncludes bibliographical references & index.
650 _a1. Sales management.
942 _2ddc
_n0
_cBK-CIRC
_eTenth edition
_kCirc.
999 _c2824
_d2824